000 00519nam a22001937a 4500
003 OSt
005 20140310182147.0
008 121201t xxu||||| |||| 00| 0 eng d
020 _a0440308453
050 _aBL 310
_b.B933 1959
082 _aHS 398.2
_bB87 1959
100 _aBulfinch, Thomas
_915607
245 _aBullfinch's mythology /
_cThomas Bulfinch.
260 _aNew York :
_bDell Publishing,
_cc1959.
300 _c17cm.
_a448 p. :
650 _aGreek mythology.
_915608
942 _2lcc
_cHS
999 _c9952
_d9952